000
00341nam a22001457a 4500
008
210528b ||||| |||| 00| 0 eng d
020
_a
9781305289888
041
_a
eng
080
_2
2nd
_a
311
082
_a
311
100
_a
52
101
_a
STA
245
_a
Understanding Research Methods and Statistics
_c
Heiman,G.W
942
_2
udc
_c
BK
999
_c
57797
_d
57797